The genius of American politics / (Record no. 6734)
[ view plain ]
| 000 -LEADER | |
|---|---|
| fixed length control field | 01675cam a2200397 i 4500 |
| 001 - ACCESSION NUMBER | |
| control field | 12259 |
| 003 - CONTROL NUMBER IDENTIFIER | |
| control field | OSt |
| 005 - DATE AND TIME OF LATEST TRANSACTION | |
| control field | 20230323104355.0 |
| 008 - FIXED-LENGTH DATA ELEMENTS--GENERAL INFORMATION | |
| fixed length control field | 760318s1953 ilu b 001 0 eng |
| 020 ## - INTERNATIONAL STANDARD BOOK NUMBER | |
| International Standard Book Number | 0226064913 (pbk.) |
| 020 ## - INTERNATIONAL STANDARD BOOK NUMBER | |
| International Standard Book Number | 0226064905 |
| 040 ## - CATALOGING SOURCE | |
| Original cataloging agency | DLC |
| Transcribing agency | DLC |
| Modifying agency | DLC |
| 043 ## - GEOGRAPHIC AREA CODE | |
| Geographic area code | n-us--- |
| 050 00 - LIBRARY OF CONGRESS CALL NUMBER | |
| Classification number | JA84.U5 |
| Item number | B6 1962 |
| 051 ## - LIBRARY OF CONGRESS COPY, ISSUE, OFFPRINT STATEMENT | |
| Classification number | JA84.U5 |
| Item number | B6 1962b |
| Copy information | Another impression. "Tenth impression, 1969"--Verso of t.p. |
| 051 ## - LIBRARY OF CONGRESS COPY, ISSUE, OFFPRINT STATEMENT | |
| Classification number | JA84.U5 |
| Item number | B6 1962c |
| Copy information | Another impression. "Eleventh impression, 1973"--Verso of t.p. Second series has variant title: A Phoenix book ; P27. |
| 082 ## - DEWEY DECIMAL CLASSIFICATION NUMBER | |
| Classification number | 320.473/BOO |
| 100 1# - MAIN ENTRY--PERSONAL NAME | |
| Fuller form of name | (Daniel Joseph), |
| Dates associated with a name | 1914-2004. |
| 245 14 - TITLE STATEMENT | |
| Title | The genius of American politics / |
| Statement of responsibility, etc. | by Daniel J. Boorstin. |
| 260 ## - PUBLICATION, DISTRIBUTION, ETC. (IMPRINT) | |
| Place of publication, distribution, etc. | Chicago : |
| Name of publisher, distributor, etc. | University of Chicago Press, |
| Date of publication, distribution, etc. | 1953, 1962 printing. |
| 300 ## - PHYSICAL DESCRIPTION | |
| Extent | ix, 199 p. ; |
| Dimensions | 21 cm. |
| 440 #0 - SERIES STATEMENT/ADDED ENTRY--TITLE | |
| Title | Charles R. Walgreen Foundation lectures |
| 490 0# - SERIES STATEMENT | |
| Series statement | Phoenix books ; |
| Volume/sequential designation | P27 |
| 500 ## - GENERAL NOTE | |
| General note | "Fifth impression, 1962"--Verso of t.p. |
| 500 ## - GENERAL NOTE | |
| General note | Includes index. |
| 500 ## - GENERAL NOTE | |
| General note | LC copy inscribed by the author. |
| Institution to which field applies | DLC |
| 504 ## - BIBLIOGRAPHY, ETC. NOTE | |
| Bibliography, etc | Bibliography: p. 191-194. |
| 650 #0 - SUBJECT ADDED ENTRY--TOPICAL TERM | |
| Geographic subdivision | United States |
| General subdivision | History. |
| 651 #0 - SUBJECT ADDED ENTRY--GEOGRAPHIC NAME | |
| Geographic name | United States |
| General subdivision | Politics and government. |
| 710 2# - ADDED ENTRY--CORPORATE NAME | |
| Corporate name or jurisdiction name as entry element | Daniel J. Boorstin Collection (Library of Congress) |
| Institution to which field applies | DLC |
| 856 42 - ELECTRONIC LOCATION AND ACCESS | |
| Materials specified | Publisher description |
| Uniform Resource Identifier | <a href="http://www.loc.gov/catdir/enhancements/fy0608/76352376-d.html">http://www.loc.gov/catdir/enhancements/fy0608/76352376-d.html</a> |
| 856 41 - ELECTRONIC LOCATION AND ACCESS | |
| Materials specified | Table of contents only |
| Uniform Resource Identifier | <a href="http://www.loc.gov/catdir/enhancements/fy0608/76352376-t.html">http://www.loc.gov/catdir/enhancements/fy0608/76352376-t.html</a> |
| 856 42 - ELECTRONIC LOCATION AND ACCESS | |
| Materials specified | Contributor biographical information |
| Uniform Resource Identifier | <a href="http://www.loc.gov/catdir/enhancements/fy0609/76352376-b.html">http://www.loc.gov/catdir/enhancements/fy0609/76352376-b.html</a> |
| 906 ## - LOCAL DATA ELEMENT F, LDF (RLIN) | |
| a | 7 |
| b | cbc |
| c | orignew |
| d | 4 |
| e | ncip |
| f | 19 |
| g | y-gencatlg |
| 942 ## - ADDED ENTRY ELEMENTS (KOHA) | |
| Source of classification or shelving scheme | Dewey Decimal Classification |
| Koha item type | Circ Books |
| Withdrawn status | Lost status | Source of classification or shelving scheme | Damaged status | Not for loan | Home library | Current library | Date acquired | Total Checkouts | Full call number | Barcode | Date last seen | Price effective from | Koha item type |
|---|---|---|---|---|---|---|---|---|---|---|---|---|---|
| Dewey Decimal Classification | Wesley Powell Learning Resource Centre | Wesley Powell Learning Resource Centre | 06/17/2016 | 320.473/BOO | 12259 | 06/17/2016 | 06/17/2016 | Circ Books | |||||
| Dewey Decimal Classification | Wesley Powell Learning Resource Centre | Wesley Powell Learning Resource Centre | 06/17/2016 | 320.473/BOO | 12267 | 06/17/2016 | 06/17/2016 | Circ Books |